Представление документа в формате MARC21

ПолеНазваниеЗначение
  Тип записи a
  Библиографический уровень m
001 Контрольный номер RU/URAIT/588639
005 Дата корректировки 20260429163619.7
008 Кодируемые данные 260429s2026 RU y f j 000 0 rus u
020 Индекс ISBN __
a ISBN 978-5-534-15033-9
c Цена, тираж 0.00
040 Источник каталогиз. __
a Служба первич. каталог. ИКО Юрайт
c Служба, преобразующая запись ИКО Юрайт
e Правила каталог. RCR
041 Код языка издания __
a Код языка текста rus
044 Код страны публикации __
a Код страны публикации RU
080 Индекс УДК __
a Индекс УДК 621.81(075.8)
084 Индекс другой классификации/Индекс ББК __
2 Источник индекса rubbk
a Индекс другой классификации/Индекс ББК 34.44я73
100 Автор __
a Автор Степыгин В. И.
q Полное имя Степыгин Виктор Иванович
245 Заглавие __
a Заглавие Детали машин. Тесты
b Продолж. заглавия учебное пособие для вузов
c Ответственность В. И. Степыгин, С. А. Елфимов, Е. Д. Чертов.
256 Характеристики компьютерного файла __
a Характеристики компьютерного файла Электрон. дан.
260 Выходные данные __
a Место издания Москва
b Издательство Юрайт
c Дата издания 2026
300 Физическое описание __
a Объем 79 с
440 Серия __
a Серия Высшее образование
500 Примечания __
a Примечание URL: https://urait.ru/bcode/588639 (дата обращения: 29.04.2026).
520 Аннотация __
a Аннотация Издание предназначено для самостоятельной проверки знаний студентов, освоивших курс «Детали машин», и в качестве тестирующих материалов при оценке усвоения основ проектирования машин студентами старших курсов. В издании приведены тестовые вопросы и задания по основным разделам курса «Детали машин», имеющие практическую направленность, даны варианты ответов и подробно изложены решения поставленных вопросов и заданий. Соответствует актуальным требованиям федерального государственного образовательного стандарта высшего образования. Для студентов высших учебных заведений, обучающихся по инженерно-техническим направлениям.
538 Прим. о системных особенностях __
a Прим. о системных особенностях Режим доступа: Электронно-библиотечная система Юрайт, для авториз. пользователей
653 Ключевые слова __
a Ключевые слова Машины, машиностроение и приборостроение
653 Ключевые слова __
a Ключевые слова Технические науки
653 Ключевые слова __
a Ключевые слова Детали машин
653 Ключевые слова __
a Ключевые слова Детали машин и основы конструирования
653 Ключевые слова __
a Ключевые слова Детали машин и конструирование
653 Ключевые слова __
a Ключевые слова Детали машин и основы конструирование
653 Ключевые слова __
a Ключевые слова Детали машин и основы расчета машин
653 Ключевые слова __
a Ключевые слова Механика. Детали машин и основы конструирования
653 Ключевые слова __
a Ключевые слова Детали машин с основами конструирования
700 Другие авторы __
a Другие авторы Елфимов С. А.
q Полное имя Елфимов Сергей Анатольевич
700 Другие авторы __
a Другие авторы Чертов Е. Д.
q Полное имя Чертов Евгений Дмитриевич
856 Электронный адрес документа 40
n Местонахождение сервера Юрайт
g Электронная книга
q Тип электронного формата html
h Имя пользователя ЮРАЙТ
v Часы доступа к ресурсу 20271231
2 Способ доступа Показать документ
x Служебное примечание https://urait.ru/book/cover/4AE67980-4798-431C-A136-4F4A92B2CAEC
u URL https://urait.ru/bcode/588639
856 Электронный адрес документа 48
q Тип электронного формата cover
u URL https://urait.ru/book/cover/4AE67980-4798-431C-A136-4F4A92B2CAEC
911 __
u 0030=https://urait.ru/bcode/588639
911 __
u 073a=9785534150339
u 073d=0.00
911 __
u 106a=s
911 __
u 900l=
952 Тип литературы __
i Дисциплина Детали машин
952 Тип литературы __
i Дисциплина Детали машин и основы конструирования
952 Тип литературы __
i Дисциплина Детали машин и конструирование
952 Тип литературы __
i Дисциплина Детали машин и основы конструирование
952 Тип литературы __
i Дисциплина Детали машин и основы расчета машин
952 Тип литературы __
i Дисциплина Механика. Детали машин и основы конструирования
952 Тип литературы __
i Дисциплина Детали машин с основами конструирования